Matemáticas : 6º curso primaria : cuaderno de trabajo

Gespeichert in:
Bibliographische Detailangaben
1. Verfasser: Carpintero, Servio
Format: Buch
Sprache:Spanisch
Erschienen: Madrid : SM, D.L. 2001
Ausgabe:Edición euro
Katalog:MANES:  Suchergebnis im Bibliothekskatalog
Schulbuchspezifische Eigenschaften:
Schriftenreihe:Proyecto Mundo para Todos
Tags: Tag hinzufügen
Keine Tags, Fügen Sie den ersten Tag hinzu!
Hinzugefügt zu:29.11.1999
Geändert in:07.05.2025

MARC

LEADER 00000cam a2200000 i 4500
005 20250507134601.0
008 000000s2001 espa fp 000 0 spa d
020 |a 843487654X 
040 |a uned  |b spa  |c entro-manes 
100 1 |a Carpintero, Servio  |9 40951 
245 1 0 |a Matemáticas :   |b 6º curso primaria : cuaderno de trabajo /   |c [autoría, Servio Carpintero] 
250 |a Edición euro 
260 |a Madrid :   |b SM,   |c D.L. 2001 
300 |a 63 p. :   |b il. 
490 0 |a Proyecto Mundo para Todos 
546 |a España 
561 |5 es-BUNED  |3 L.T.M. 0707  |a España. Fondo Manes UNED  |k MANES 
690 0 |a MATE 
691 0 |a PRI 
942 |2 ddc  |c BK 
999 |c 97895  |d 97895 
999 |c manes:97895  |d 97895